000 00581nam a2200193Ia 4500
008 090124s9999 xx 000 0 und d
082 _b38303
100 _aलारेंस डी. एच.
245 _a बेटे और प्रेमी
250 _a1
260 _c2002
300 _a477
600 _aलारेंस डी. एच.
630 _a बेटे और प्रेमी
700 _aशर्मा गोपाल
700 _aलारेंस डी. एच.
730 _a बेटे और प्रेमी
942 _cBOOK
999 _c104259
_d104259